000 00261nam a2200097Ia 4500
008 190216s9999||||xx |||||||||||||| ||und||
100 _aReaders Digest Association
245 0 _aReaders Digest Condenced Books
260 _bReaders Digest Assoiciation
942 _cBK
999 _c12385
_d12385